000 00646nam a2200205 a 4500
001 000029167
005 20250129073605.0
008 110414s1978 dr a 000 | spa d
040 _aDO-SdBNP
_bspa
_cBNPHU
082 _axxx
_bP433d
100 1 _aPerdomo, Eugenio,
_d1836-1863.
_956079
245 1 0 _aDiario de Eugenio Perdomo /
_cJuan Daniel Balcácer.
260 _aSanto Domingo :
_bTaller,
_c1978.
300 _a47 p. :
_bil. ;
_c23 cm.
490 1 _aBiblioteca Taller
_v94
500 _aIncluye notas al pie de las páginas.
700 1 _aBalcácer, Juan Daniel,
_d1949-
_eed.
_96566
830 0 _aBiblioteca Taller;
_v94
_9164
049 _aBNPD
999 _c28659
_d28659